000 00429nam a2200169Ia 4500
008 180921t2018 xxu||||| |||| 00| 1 sin d
041 _asin
080 _aX8C31
_bDES
100 _aDe Soysa, Canchana Kumari
245 _aකළු තාත්තා
246 _aKalu Thaththa
260 _bSamayawardhana
_aColombo
_c2018
300 _a104p., 21cm
942 _cBK
999 _c7760
_d7760
003 LK-CoDNM
040 _aLK-CoDNM
_dLK-CoDNM
_eLK-CoDNM